01279nam a22003017a 450000100060000000300080000600500170001400800410003103500190007204000350009104100080012608200250013410000270015924501690018626000800035530000370043550200860047250400350055860000060059365000730059965000220067265000240069470000430071870000440076194200130080599900170081895201420083579340BD-RjUL20220419094608.0220207s2005eng |||a|||| m||| 00| 0 eng d a(BD-RjUL)79340 aBD-RjULbengcBD-RjULdBD-RjUL aeng a616.89bMUB 2005223 aMustary, Shabnam9120210aBehaviour In Relation To Diseases of the Mentally Retarded Persons in Rajshahi District /cShabnam, Mustary ;6Supervisor : Anwarul, Hassn Sufi and Kazi Wali Ahmed aRajshahi :bInstitute Of Biological Sciences, University Of Rajshahi,c2005 a[9],203 leaves :bill, ;c29 Cm, aThesis (Ph. D.) -- Institute Of Biological Sciences, University Of Rajshahi, 2005 aRefernces : Leaves {158] - 168 a  aPeople with mental disabilitieszBangladeshzRajshahi District92545 aPsychiatry 91316 aPsychotherapy92541 aSufi, Anwarul Hassn, Supervisor 91204 aAhmed. Kazi Wali, jt. Supervisor 91205 2ddccTHE c79340d79340 102ddc40718THESESaRUCLbRUCLcDoc/Thed2007-02-12eController of Exam. R.UoTHE 616.89 MUB 2005pD2575r2022-02-07 00:00:00tC-1yTHE